Welcome to the Holygrace Academy Library

Please use search bar below to get started

PINNEYUM MAZHA (Record no. 1255)

MARC details
000 -LEADER
fixed length control field 00311nam a22001337a 4500
082 ## - DEWEY DECIMAL CLASSIFICATION NUMBER
Classification number 894.812.3
Item number KUR/P
100 ## - MAIN ENTRY--AUTHOR NAME
Personal name KURUMBAKARA,MAJEED
245 ## - TITLE STATEMENT
Title PINNEYUM MAZHA
250 ## - EDITION STATEMENT
Edition statement FIRST
260 ## - PUBLICATION, DISTRIBUTION, ETC. (IMPRINT)
Place of publication TRIVANDRUM
Name of publisher MAJEED KURUMBAKARA
Year of publication 1992
300 ## - PHYSICAL DESCRIPTION
Number of Pages 79
650 ## - SUBJECT ADDED ENTRY--TOPICAL TERM
Topical Term SHORT STORY MALAYALAM
Geographic subdivision KERALA
942 ## - ADDED ENTRY ELEMENTS (KOHA)
Koha item type Books
Holdings
Withdrawn status Lost status Collection code Home library Current library Shelving location Date acquired Source of acquisition Cost, normal purchase price Full call number Accession Number Koha item type
    Fiction Main Library Main Library SHELF-6C MALAYALAM SHORT STORIES 12/01/2005 PURCHASE 15.00 894.812.3 KUR/P 01945 Books